| 000 -LEADER |
| fixed length control field |
00706nam a22002177a 4500 |
| 003 - CONTROL NUMBER IDENTIFIER |
| control field |
OSt |
| 005 - DATE AND TIME OF LATEST TRANSACTION |
| control field |
20260424114531.0 |
| 008 - FIXED-LENGTH DATA ELEMENTS--GENERAL INFORMATION |
| fixed length control field |
260424b ||||| |||| 00| 0 eng d |
| 040 ## - CATALOGING SOURCE |
| Original cataloging agency |
BSHUA |
| Language of cataloging |
Shqip |
| 050 ## - LIBRARY OF CONGRESS CALL NUMBER |
| Item number |
785.11/Viv. |
| 082 ## - DEWEY DECIMAL CLASSIFICATION NUMBER |
| Item number |
785.11/Viv. |
| 100 ## - MAIN ENTRY--PERSONAL NAME |
| Personal name |
Vivaldi, Antonio |
| 245 ## - TITLE STATEMENT |
| Title |
"Laudate Pueri" : per soprano, flauto, 2 oboi, archi e cembalo : partitura |
| 260 ## - PUBLICATION, DISTRIBUTION, ETC. (IMPRINT) |
| Place of publication, distribution, etc |
Milano : |
| Name of publisher, distributor, etc |
Suvini Zerboni, |
| Date of publication, distribution, etc |
1972. |
| 300 ## - PHYSICAL DESCRIPTION |
| Extent |
88 f.; |
| 653 ## - INDEX TERM--UNCONTROLLED |
| Uncontrolled term |
Muzika boterore - Muzika italiane - Muzika vokale - Muzika orkestrale - Pjese per Soprano - Flaut - 2 Oboe - Harqe - Cembalo - |
| -- |
Partitura |
| 700 ## - ADDED ENTRY--PERSONAL NAME |
| Relator code |
revisione di Bruno Martinotti |
| 856 ## - ELECTRONIC LOCATION AND ACCESS |
| Link text |
Fulltext |
| 942 ## - ADDED ENTRY ELEMENTS (KOHA) |
| Source of classification or shelving scheme |
|
| Koha item type |
Music Scores |
| 953 ## - Fulltext |
| Is Fulltext Available |
Unavailable |